01202nam a2200265Ia 4500003000900000008004100009020001800050040001600068080002300084111014300107245026200250260004200512300001500554490002700569650004100596650002700637650001500664650002900679650003200708700004500740700002900785942000700814999001500821952010000836IN-BaIIA211028s9999 xx 000 0 eng d a90-277-2615-9 cIIA Library a082.2:52bIAU-S123 aSymposim on Advances in Helio- and Asteroseismology of the International Astronomical Unionn123rdcAarhus, Denmarkd1986 July 7-11915701 0aAdvances in helio- and asteroseismologybproceedings of the 123th symposim on advances in helio- and asteroseismology of the International Astronomical Union held in Aarhus, Denmark, July 7-11, 1986cedited by Jorgen Dalsgaard-Christensen and Sore Frandsen aDordrechtbD. Reidel Publishingc1988 axxi, 604p. aIAU symposium; no. 123 aAstronomy and Astrophysics thesaurus aHelioseismology915702 aSeismology aSolar oscillations97338 aStellar oscillations911440 aDalsgaard-Christensen, Jorgen ed.915703 aFrandsen, Sore ed915704 cBK c9326d9326 00104070aBANbBANcGENd0000-00-00l0o082.2:52/ IAU-S123p10233r2021-11-05w0000-00-00yBK